000 00545nmm a2200145Ia 4500
008 251105s9999||||xx |||||||||||||||||und||
041 _aspa
100 _aPérez Benavides, Amada Carolina
245 0 _aNosotros y los otros: las representaciones de la nación y sus habitantes Colombia, 1880-1910
264 _a[Bogotá, Colombia] :
_bEditorial Pontificia Universidad Javeriana,
_c2014
300 _a328 páginas
650 _aHistory of the Americas: Latin America
856 _uhttps://public.digitaliapublishing.com/a/48445
942 _cCF
999 _c105275
_d105275